Practical optimization with MATLAB /

Bibliographic Details
Main Author: Ancău, Mircea (Author)
Corporate Author: ProQuest (Firm)
Format: eBook
Language:English
Published: Newcastle-upon-Tyne, UK : Cambridge Scholars Publisher, 2019.
Subjects:
Online Access:Connect to the full text of this electronic book

MARC

Tag First Indicator Second Indicator Subfields
LEADER 00000cam a2200000Ii 4500
001 in00004154521
006 m o d
007 cr |n|---|||||
008 191102t20192019enk ob 000 0 eng d
005 20250816210546.9
020 |a 1527540987  |q electronic book 
020 |a 9781527540989  |q electronic book 
024 8 |a 99983119812 
035 |a (NhCcYBP)ebc5940197 
040 |a NhCcYBP  |c NhCcYBP  |d UtOrBLW 
050 4 |a QA402.5  |b .A53 2019 
082 0 4 |a 519.6  |2 23 
100 1 |a Ancău, Mircea,  |e author. 
245 1 0 |a Practical optimization with MATLAB /  |c by Mircea Ancău. 
264 1 |a Newcastle-upon-Tyne, UK :  |b Cambridge Scholars Publisher,  |c 2019. 
264 4 |c ©2019 
300 |a 1 online resource. 
336 |a text  |b txt  |2 rdacontent 
337 |a computer  |b c  |2 rdamedia 
338 |a online resource  |b cr  |2 rdacarrier 
504 |a Includes bibliographical references. 
588 |a Description based on online resource; title from digital title page (viewed on December 26, 2019). 
500 |a Electronic resource. 
630 0 0 |a MATLAB.  |0 http://id.loc.gov/authorities/names/n92036881 
650 0 |a Mathematical optimization.  |0 http://id.loc.gov/authorities/subjects/sh85082127 
650 0 |a Numerical analysis  |x Computer programs.  |0 http://id.loc.gov/authorities/subjects/sh85093239 
655 7 |a Electronic books.  |2 local 
710 2 |a ProQuest (Firm)  |0 http://id.loc.gov/authorities/names/n2007068018 
776 1 8 |i Print version:  |a Ancău, Mircea.  |t Practical Optimization with MATLAB.  |d Newcastle-upon-Tyne : Cambridge Scholars Publisher, ©2019  |z 9781527538498 
856 4 0 |u https://ebookcentral.proquest.com/lib/tamucs/detail.action?docID=5940197  |z Connect to the full text of this electronic book  |t 0 
955 |a YBP purchased approval e-records 
980 |b 239.90  |g 1 
987 |a ybp300894186 
999 f f |s 4a3d774f-2947-3ccb-8262-b9cca346e24b  |i d70eb5ea-8670-3241-a696-21afb14b74a7  |t 0 
952 f f |a Texas A&M University  |b College Station  |c Electronic Resources  |d Available Online  |t 0  |e QA402.5 .A53 2019  |h Library of Congress classification 
998 f f |a QA402.5 .A53 2019  |t 0  |l Available Online